000 02619cam a22004934i 4500
003 PE-LiUPU
005 20250731184118.0
008 150616s1987 ck r 000 0 spa d
020 _a9580602816
020 _a9789580602811
035 _a(Sirsi) i9789580602811
040 _aPE-LiUPU
_bspa
_cPE-LiUPU
_erda
049 _aPRUA
082 0 4 _a869.082
_bA / M
_221
100 1 _aAmado, Jorge,
_d1912-2001,
_eautor.
245 1 0 _aDoña Flor y sus Dos Maridos /
_cJorge Amado.
264 1 _aBogotá, Colombia :
_bEditorial La Oveja Negra,
_c1987.
300 _a389 páginas ;
_c22 centímetros.
336 _atext
_2rdacontent
337 _aunmediated
_2rdamedia
338 _avolume
_2rdacarrier
490 0 _aMaestros de la Literatura Universal
505 0 _aObra "Doña Flor y sus Dos Maridos".
526 _aP145
526 _aP127
526 _aP97
526 _aP14
526 _aP07
650 0 4 _aNovelas brasileñas
_ySiglo XX.
910 _ajck
_bjvq
_cjck
910 _bksl
_cksl
_d20190514
942 _2ddc
_cBOOK
949 _a869.082 A / M
_wDEWEY
_c1
_i43115
_lCCODEBUL1
_mBUL
_r0
_sY
_tBOOK
_u2015-6-16
_xEDUCACION
_PP20
_0COMPRA
_o.STAFF. Colección Ciencias Humanas y Educación
949 _a869.082 A / M
_wDEWEY
_c2
_i47466
_lCCODEBUL1
_mBUL
_r0
_sY
_tBOOK
_u2015-6-16
_xEDUCACION
_PP20
_0COMPRA
_o.STAFF. Colección Ciencias Humanas y Educación
949 _a869.082 A / M
_wDEWEY
_c3
_i43113
_d2016-8-22
_e2016-8-17
_lCCODEBUL1
_mBUL
_n2
_r0
_sY
_tBOOK
_u2015-6-16
_xEDUCACION
_PP20
_0COMPRA
_o.STAFF. Colección Ciencias Humanas y Educación
949 _a869.082 A / M
_wDEWEY
_c4
_i43114
_lCCODEBUL1
_mBUL
_r0
_sY
_tBOOK
_u2015-6-16
_xEDUCACION
_PP20
_0COMPRA
_o.STAFF. Colección Ciencias Humanas y Educación
994 _aC0
_bPEPRU
596 _a1
999 _a869.082 A / M
_wDEWEY
_c61080
_i43115
_f2019-12-26
_g4
_lCCODEBUL1
_mBUL
_p19.00
_r0
_sY
_tBOOK
_u2015-6-16
_xEDUCACION
_PP20
_0COMPRA
_o.STAFF. Colección Ciencias Humanas y Educación
_d61080
999 _a869.082 A / M
_wDEWEY
_c2
_i47466
_f2021-11-9
_g6
_lCCODEBUL1
_mBUL
_p19.00
_r0
_sY
_tBOOK
_u2015-6-16
_xEDUCACION
_PP20
_0COMPRA
_o.STAFF. Colección Ciencias Humanas y Educación
999 _a869.082 A / M
_wDEWEY
_c3
_i43113
_d2018-2-27
_e2016-8-17
_f2021-11-9
_g6
_lCCODEBUL1
_mBUL
_n2
_p19.00
_q1
_r0
_sY
_tBOOK
_u2015-6-16
_xEDUCACION
_PP20
_0COMPRA
_o.STAFF. Colección Ciencias Humanas y Educación
999 _a869.082 A / M
_wDEWEY
_c4
_i43114
_f2021-11-9
_g6
_lCCODEBUL1
_mBUL
_p19.00
_r0
_sY
_tBOOK
_u2015-6-16
_xEDUCACION
_PP20
_0COMPRA
_o.STAFF. Colección Ciencias Humanas y Educación
980 _81
_gALBERTO SANCHEZ Responsable de Automatización